الحسين والسلام : (رقم التسجيلة. 86376)

تفاصيل مارك
000 -الفاتح
عناصر البيانات ثابتة الطول 00855cam a2200229 i 4500
005 - تاريخ ووقت آخر معاملة
حقل ضبط 20260120120452.0
008 - عناصر البيانات ثابتة الطول
عناصر البيانات ثابتة الطول 250721s1999 jo gr 000 0 ara d
041 1# - كود اللغة
كود اللغة لنص/مسار صوت أو عنوان منفصل ara
كود اللغة للأصل ing
082 14 - رقم تصنيف ديوي العشري
رقم التصنيف 327.565
رقم المادة ز ا ك
100 1# - مدخل رئيسي – اسم شخصي
الاسم الشخصي زاك، موشيه
علاقة الشخص بالعمل/ دوره مؤلف.
245 12 - بيان العنوان
العنوان الحسين والسلام :
بقية العنوان العلاقات الأردنية _ الإسرائيلية /
بيان المسؤولية تاليف موشيه زاك ؛ ترجمة دار الجليل.
264 31 - بيانات النشر، التوزيع…إلخ
مكان النشر، التوزيع...إلخ عمان :
اسم الناشر، الموزع...إلخ دار الجليل،
تاريخ النشر، التوزيع...إلخ 1999.
300 ## - الوصف المادي
عدد الوحدات المكونة للوعاء 563 صفحة.
650 17 - مدخل إضافي بالموضوع - مصطلح موضوعي
مصطلح موضوعي أو اسم جغرافي كعنصر مدخل العلاقات الدولية.
650 17 - مدخل إضافي بالموضوع - مصطلح موضوعي
مصطلح موضوعي أو اسم جغرافي كعنصر مدخل السلام.
650 17 - مدخل إضافي بالموضوع - مصطلح موضوعي
مصطلح موضوعي أو اسم جغرافي كعنصر مدخل السلام العربي الإسرائيلي.
650 17 - مدخل إضافي بالموضوع - مصطلح موضوعي
مصطلح موضوعي أو اسم جغرافي كعنصر مدخل الأردن.
650 17 - مدخل إضافي بالموضوع - مصطلح موضوعي
مصطلح موضوعي أو اسم جغرافي كعنصر مدخل إسرائيل.
650 17 - مدخل إضافي بالموضوع - مصطلح موضوعي
مصطلح موضوعي أو اسم جغرافي كعنصر مدخل النزاع العربي الإسرائيلي.
942 ## - بيانات إضافية (كوها)
نوع التنصيف Dewey Decimal Classification
نوع المادة (كوها) كتب
المقتنيات
حالة السحب حالة الفقدان مصدر التصنيف حالة التلف غير قابل للإعارة المكتبة الرئيسية المكتبة الحالية موقع الرف تاريخ التزويد الرقم المتسلسل Total Checkouts رقم الإستدعاء الباركود تاريخ آخر ظهور تاريخ الفاتورة نوع المادة (كوها) العملة
    Dewey Decimal Classification     المكتبة المركزية المكتبة المركزية الإعارة 05/02/2011 1454847   327.565 / ز ا ك PLD00189493 28/07/2025 05/02/2011 كتب  
    Dewey Decimal Classification     المكتبة المركزية المكتبة المركزية الإعارة 20/01/2026 610325   327.565 / ز ا ك 610325 20/01/2026 20/01/2026 كتب JOD
    Dewey Decimal Classification     مكتبة البراعم الواعدة مكتبة البراعم الواعدة الإعارة 25/06/2015 1474194   327.565/زاك PLD00333913 28/07/2025 25/06/2015 كتب  
    Dewey Decimal Classification     مكتبة وادي السير العامة مكتبة وادي السير العامة الإعارة 28/07/2025 610347   327.565/زاك 610347 28/07/2025 28/07/2025 كتب  
Implemented & Customized by: BBB with SCIT (Smart Chains for Information Technology)

Powered by Koha